LIBRARY & INFORMATION CENTRE, KCAET, TAVANUR

ONLINE PUBLIC ACCESS CATALOGUE (OPAC)

Birds of paradise: Poetical selections for college classes / (Record no. 5215)

MARC details
000 -LEADER
fixed length control field 00471cam a2200181ua 4500
041 ## - LANGUAGE CODE
Language code of text/sound track or separate title eng
082 ## - DEWEY DECIMAL CLASSIFICATION NUMBER
Classification number 821
Item number SAM/BI
100 ## - MAIN ENTRY--AUTHOR NAME
Personal name Samuel, M S .
245 00 - TITLE STATEMENT
Title Birds of paradise: Poetical selections for college classes /
260 ## - PUBLICATION, DISTRIBUTION, ETC. (IMPRINT)
Place of publication Chennai :
Name of publisher McMillan and company ,
Year of publication 1973.
300 ## - PHYSICAL DESCRIPTION
Number of Pages 180 ; .
942 ## - ADDED ENTRY ELEMENTS (KOHA)
Koha item type Books
Holdings
Withdrawn status Lost status Damaged status Home library Current library Date acquired Full call number Accession Number Koha item type
      KAUAET KAUAET 07/04/2012 821 13433 Books
      KAUAET KAUAET 07/04/2012 821 13434 Books
      KAUAET KAUAET 07/04/2012 821 13435 Books
Withdrawn     KAUAET Sanskrit University 07/04/2012 821 13432 Books
free website counter